| Tag |
First Indicator |
Second Indicator |
Subfields |
| LEADER |
00000cam a2200000Ka 4500 |
| 001 |
in00002431663 |
| 005 |
20211202185641.0 |
| 006 |
m d f |
| 008 |
080912s2005 vau s f000 0 eng d |
| 035 |
|
|
|a (OCoLC)ocn248534383
|
| 040 |
|
|
|a GPO
|c GPO
|d GPO
|d MvI
|d UtOrBLW
|
| 049 |
|
|
|a WWW
|
| 074 |
|
|
|a 0624-B-02 (online)
|
| 086 |
0 |
|
|a I 19.42/4-4:2005-5033
|
| 100 |
1 |
|
|a Hardy, Mark A.
|
| 245 |
1 |
0 |
|a Status of and changes in water quality monitored for the Idaho statewide surface-water-quality network, 1989-2002 /
|c by Mark A. Hardy, D.J. Parliman, and Ivalou O'Dell ; prepared in cooperation with Idaho Department of Environmental Quality.
|
| 250 |
|
|
|a Version 1.2.
|
| 264 |
|
1 |
|a Reston, Va. :
|b U.S. Dept. of the Interior, U.S. Geological Survey,
|c 2005.
|
| 300 |
|
|
|a vii, 66, 21, 1 page :
|b digital, PDF file.
|
| 336 |
|
|
|a text
|b txt
|2 rdacontent
|
| 337 |
|
|
|a computer
|b c
|2 rdamedia
|
| 338 |
|
|
|a unspecified
|b zu
|2 rdacarrier
|
| 490 |
1 |
|
|a Scientific investigations report ;
|v 2005-5033
|
| 538 |
|
|
|a Mode of access: Internet at the USGS web site. Address as of 9/12/08: http://id.water.usgs.gov/PDF/sir20055033/SIR2005%5F5033.pdf ; current access is available via PURL.
|
| 500 |
|
|
|a Title from PDF title page (viewed on Sept. 12, 2008).
|
| 500 |
|
|
|a Electronic resource.
|
| 650 |
|
0 |
|a Water quality
|z Idaho
|x Measurement.
|
| 700 |
1 |
|
|a Parliman, D. J.
|
| 700 |
1 |
|
|a O'Dell, I.
|
| 710 |
1 |
|
|a Idaho.
|b Department of Environmental Quality.
|
| 710 |
2 |
|
|a Geological Survey (U.S.)
|
| 830 |
|
0 |
|a Scientific investigations report ;
|v 2005-5033.
|
| 856 |
4 |
0 |
|u https://purl.fdlp.gov/GPO/LPS102086
|t 0
|
| 999 |
|
|
|a MARS
|
| 999 |
f |
f |
|s ea5e7682-b14f-36b5-b8a2-7d10a1181f8d
|i 4b43a48e-7274-375c-b3ca-c1c4da906532
|t 0
|
| 952 |
f |
f |
|a Texas A&M University
|b College Station
|c Electronic Resources
|d Available Online
|t 0
|e I 19.42/4-4:2005-5033
|h Superintendent of Documents classification
|
| 998 |
f |
f |
|a I 19.42/4-4:2005-5033
|t 0
|l Available Online
|